00634nam a2200193 450000500170000001000150001702000260003203500140005803700130007208200110008510000180009624500710011425000090018526000410019427000760023530000290031150000770034070000230041720240129114047.0 aENG-139020 c770.00a9789355322036 aEN-122552 bDBAD/PUB a00021 aSarkar, Samim aWBCS:bMains Mock Test Series 2022/cBy Samim Sarkar, & Sutapa Kar a1 ed aChennaibMcGraw Hill Educationc2022 aAnjana Complex No: 5/90A, Butt Road, St. Thomas Mount,bChennaie600016 aVarious pagesc25cm(pbk) aSolved 2021 WBCS Mains Paper I-VI 7 Main Practice sets with Papers I-VI aKar SutapaeAuthor